<?xml version="1.0" encoding="UTF-8"?><?xml-stylesheet type="text/xsl" href="static/style.xsl"?><OAI-PMH xmlns="http://www.openarchives.org/OAI/2.0/" xmlns:xsi="http://www.w3.org/2001/XMLSchema-instance" xsi:schemaLocation="http://www.openarchives.org/OAI/2.0/ http://www.openarchives.org/OAI/2.0/OAI-PMH.xsd"><responseDate>2026-06-30T03:13:14Z</responseDate><request verb="GetRecord" identifier="oai:docta.ucm.es:20.500.14352/125967" metadataPrefix="marc">https://docta.ucm.es/rest/oai/request</request><GetRecord><record><header><identifier>oai:docta.ucm.es:20.500.14352/125967</identifier><datestamp>2025-11-11T11:58:05Z</datestamp><setSpec>com_20.500.14352_14</setSpec><setSpec>col_20.500.14352_21</setSpec></header><metadata><record xmlns="http://www.loc.gov/MARC21/slim" xmlns:dcterms="http://purl.org/dc/terms/" xmlns:xsi="http://www.w3.org/2001/XMLSchema-instance" xmlns:doc="http://www.lyncode.com/xoai" xsi:schemaLocation="http://www.loc.gov/MARC21/slim http://www.loc.gov/standards/marcxml/schema/MARC21slim.xsd">
   <leader>00925njm 22002777a 4500</leader>
   <datafield ind2=" " ind1=" " tag="042">
      <subfield code="a">dc</subfield>
   </datafield>
   <datafield ind2=" " ind1=" " tag="720">
      <subfield code="a">Millán da Costa, Adelaide</subfield>
      <subfield code="e">author</subfield>
   </datafield>
   <datafield ind2=" " ind1=" " tag="720">
      <subfield code="a">López-Guadalupe Pallarés, Miguel José</subfield>
      <subfield code="e">author</subfield>
   </datafield>
   <datafield ind2=" " ind1=" " tag="260">
      <subfield code="c">2022</subfield>
   </datafield>
   <datafield ind1="8" ind2=" " tag="024">
      <subfield code="a">Millán da Costa, Adelaide, López-Guadalupe Pallarés, Miguel José. Pequeñas ciudades de frontera en perspectiva comparada Trás-os-Montes y Alto Douro Oriental y la Extremadura castellano-oriental en la Baja Edad Media Autores: Adelaide Millán da Costa, Miguel José López-Guadalupe Pallarés Localización: Ciudades en expansión. Dinámicas urbanas entre los siglos XIV-XVI / coord. por Silvia María Pérez González Árbol académico; María Asenjo González (ed. lit.) Árbol académico, David Alonso García (ed. lit.) Árbol académico, 2022, ISBN 9788411225403, págs. 139-172</subfield>
   </datafield>
   <datafield ind1="8" ind2=" " tag="024">
      <subfield code="a">9788411225403</subfield>
   </datafield>
   <datafield ind1="8" ind2=" " tag="024">
      <subfield code="a">https://hdl.handle.net/20.500.14352/125967</subfield>
   </datafield>
   <datafield ind1="8" ind2=" " tag="024">
      <subfield code="a">https://www.dykinson.com/libros/ciudades-en-expansion/9788411225403/</subfield>
   </datafield>
   <datafield ind2="0" ind1="0" tag="245">
      <subfield code="a">Pequeñas ciudades de frontera en perspectiva comparada. Trás-os-Montes y Alto Douro oriental y la Extremadura castellano-oriental en la Baja Edad Media</subfield>
   </datafield>
</record></metadata></record></GetRecord></OAI-PMH>